• 首页
  • 本馆介绍
  • 公告通知
  • 最新文献
  • 馆藏检索
  • 电子资源
  • 读者导购
  • 参考咨询
  • 我的图书馆
  • 登录
  • 详细信息显示
  • 放入我的书架
  • 预约/预借图书
  • 作者相关作品
  • 分类相关作品
  • 丛书相关作品
  • 出版社相关作品

书目信息

  • 表格格式
  • 工作单格式
  • 卡片格式
题名:
在路上遇见最美的风景
    
 
作者: 李少白 , 安静 著
分册:  
出版信息: 北京   中国旅游出版社  2014
页数: 245页
开本: 24cm
丛书名:
单 册:
中图分类: J416
科图分类:
主题词: 旅游摄影--Lv You She Ying--摄影技术
电子资源:
ISBN: 978-7-5032-4898-6
000 00992nam0 22002531 450
001 0121113141
005 20161122155203.57
010    @a978-7-5032-4898-6@dCNY78.00
100    @a20140722d2014 em y0chiy50 ea
101 0  @achi
102    @aCN@b110000
105    @aa z 000yy
106    @ar
200 1  @a在路上遇见最美的风景@AZai Lu Shang Yu Jian Zui Mei De Feng Jing@e旅行摄影实战密码书@f李少白,安静著
210    @a北京@c中国旅游出版社@d2014
215    @a245页@c彩照@d24cm
330    @a本书对不同环境和场合下的拍摄手法做出了点评和介绍,从细节到整体、从纪实影像到构造光影、从自然风光到人文建筑、从瞬间的灵动到耐心的等候,为读者展现了行走在路上的人们在进行拍摄的过程中所可能遇到的各种情况。
517 1  @a旅行摄影实战密码书@ALv Hang She Ying Shi Zhan Mi Ma Shu
606 0  @a旅游摄影@ALv You She Ying@x摄影技术
690    @aJ416@v5
701  0 @a李少白@ALi Shao Bai@f(1942-)@4著
701  0 @a安静@AAn Jing@4著
801  0 @aCN@bTANGWEI@c20161118
905    @b0899255-9@dJ416@e329@f5
    
    在路上遇见最美的风景:旅行摄影实战密码书/李少白,安静著.-北京:中国旅游出版社,2014
    245页:彩照;24cm
    
    
    ISBN 978-7-5032-4898-6:CNY78.00
    本书对不同环境和场合下的拍摄手法做出了点评和介绍,从细节到整体、从纪实影像到构造光影、从自然风光到人文建筑、从瞬间的灵动到耐心的等候,为读者展现了行走在路上的人们在进行拍摄的过程中所可能遇到的各种情况。
●
相关链接 在E读中查询图书 在五车中查询图书 在当当中查询图书 在豆瓣中查询图书


正题名:在路上遇见最美的风景     索取号:J416/329         预约/预借

序号 登录号 条形码 馆藏地/架位号 状态 备注
1 0899255   208992553   第一样本阅览室/ [索取号:J416/329] 在馆    
2 0899256   208992562   第一借阅区/ [索取号:J416/329] 在馆    
3 0899257   208992571   第一借阅区/ [索取号:J416/329] 在馆    
4 0899258   208992580   第一借阅区/ [索取号:J416/329] 在馆    
5 0899259   208992599   第一借阅区/ [索取号:J416/329] 在馆    
唐山师范学院图书馆 欢迎您!
大连网信软件有限公司© 版权所有